Normal view
MARC view
- शिरगावे एस.एल.आणि इतर
Entry Personal Name
001 - CONTROL NUMBER
- control field: 64514
003 - CONTROL NUMBER IDENTIFIER
- control field: OSt
005 - DATE AND TIME OF LATEST TRANSACTION
- control field: 20220806110717.0
008 - FIXED-LENGTH DATA ELEMENTS
- fixed length control field: 220806|| aca||aabn | a|a d
040 ## - CATALOGING SOURCE
- Original cataloging agency: OSt
- Transcribing agency: OSt
100 ## - HEADING--PERSONAL NAME
- Personal name: शिरगावे एस.एल.आणि इतर
670 ## - SOURCE DATA FOUND
- Source citation: Work cat.: (OSt)36571: शिरगावे एस.एल.आणि इतर, विपणन व्यवस्थापन २, 2014